Bol raz jeden kabaret

Bibliographic Details
Main Author: Belák, Ľubo, 1951- (Author)
Format: Article
Language:Slovak
Subjects:

MARC

LEADER 00000nab a2200000 a 4500
001 vtls000374374
003 SK-MaSNL
005 20260303203454.0
008 111202c1990 xo 0 slo
015 |a SNBRB19rr/mm-uuuuu 
035 |a CL0374496 
040 |a SNKBUCL  |b slo  |c SNKBUCL  |e AACR2 
041 0 |a slo 
044 |a xo  |c SK 
080 |a 792.7  |2 1981 
100 1 |a Belák, Ľubo,  |d 1951-  |4 aut  |9 167402 
245 1 0 |a Bol raz jeden kabaret  |c Ľubomír Belák 
500 |a (Scenár a réžia František Rell.) 
600 1 7 |a Rell, František,  |d 1913-2009  |2 snkbucl  |9 189483 
610 2 7 |a Tatra revue (kabaret)  |2 SNKKA  |9 33053 
655 7 |a články z novín a časopisov  |2 snkbucl  |9 267496 
773 0 |t Dialóg  |g Roč. 2, č. 5 (1990), s. 2 
850 |a Slovenská národná knižnica v Martine  |a MTA001 
852 |a SNK  |b KIS3GCP 
958 |a RK 
992 |a RBX 
999 |c 2185621  |d 2187551